<?xml version="1.0" encoding="UTF-8"?><?xml-stylesheet type="text/xsl" href="static/style.xsl"?><OAI-PMH xmlns="http://www.openarchives.org/OAI/2.0/" xmlns:xsi="http://www.w3.org/2001/XMLSchema-instance" xsi:schemaLocation="http://www.openarchives.org/OAI/2.0/ http://www.openarchives.org/OAI/2.0/OAI-PMH.xsd"><responseDate>2026-04-17T13:15:20Z</responseDate><request verb="GetRecord" identifier="oai:www.recercat.cat:10230/58328" metadataPrefix="marc">https://recercat.cat/oai/request</request><GetRecord><record><header><identifier>oai:recercat.cat:10230/58328</identifier><datestamp>2025-12-18T01:05:51Z</datestamp><setSpec>com_2072_6</setSpec><setSpec>col_2072_452952</setSpec></header><metadata><record xmlns="http://www.loc.gov/MARC21/slim" xmlns:dcterms="http://purl.org/dc/terms/" xmlns:xsi="http://www.w3.org/2001/XMLSchema-instance" xmlns:doc="http://www.lyncode.com/xoai" xsi:schemaLocation="http://www.loc.gov/MARC21/slim http://www.loc.gov/standards/marcxml/schema/MARC21slim.xsd">
   <leader>00925njm 22002777a 4500</leader>
   <datafield ind2=" " ind1=" " tag="042">
      <subfield code="a">dc</subfield>
   </datafield>
   <datafield ind2=" " ind1=" " tag="720">
      <subfield code="a">Cano López, Tomás</subfield>
      <subfield code="e">author</subfield>
   </datafield>
   <datafield ind2=" " ind1=" " tag="260">
      <subfield code="c">2023-11-21T06:44:18Z</subfield>
   </datafield>
   <datafield ind2=" " ind1=" " tag="260">
      <subfield code="c">2023-11-21T06:44:18Z</subfield>
   </datafield>
   <datafield ind2=" " ind1=" " tag="260">
      <subfield code="c">2017</subfield>
   </datafield>
   <datafield ind2=" " ind1=" " tag="520">
      <subfield code="a">Los cambios sociales experimentados en las últimas décadas han modificado los usos del tiempo de los individuos. Sin embargo, cómo se emplea el tiempo viene condicionado por la posición que se ocupa en la estructura social. Este trabajo argumenta que la desigualdad entre los distintos estatus socioeconómicos en el poder sobre el uso del tiempo está aumentando. Mientras tanto, las políticas sociales fallan en su potencial igualador. Para ello este ensayo sintetiza críticamente tres libros de reciente publicación centrados en los casos americano, francés y español. Tres elementos que forman la organización social del tiempo son discutidos: (a) la dependencia en el control sobre el tiempo entre grupos sociales y la endogeneidad entre el tiempo familiar y laboral; (b) la ambivalencia de la flexibilidad en función de su vinculación con el género y el estatus socioeconómico; y (c) la necesidad de una reevaluación de las políticas sociales destinadas a proteger el tiempo familiar de los trabajadores.</subfield>
   </datafield>
   <datafield tag="653" ind2=" " ind1=" ">
      <subfield code="a">Conciliación laboral y familiar</subfield>
   </datafield>
   <datafield tag="653" ind2=" " ind1=" ">
      <subfield code="a">Empleo del tiempo</subfield>
   </datafield>
   <datafield tag="653" ind2=" " ind1=" ">
      <subfield code="a">Flexibilidad</subfield>
   </datafield>
   <datafield tag="653" ind2=" " ind1=" ">
      <subfield code="a">Género</subfield>
   </datafield>
   <datafield tag="653" ind2=" " ind1=" ">
      <subfield code="a">Política social</subfield>
   </datafield>
   <datafield ind2="0" ind1="0" tag="245">
      <subfield code="a">Tiempo y desigualdad en las dinámicas laborales y familiares</subfield>
   </datafield>
</record></metadata></record></GetRecord></OAI-PMH>